00945cam a2200265 a 45000010008000000030009000080050017000170080041000340100017000750400023000920410011001150420010001260500023001360820020001592450186001792460031003652500012003962600060004083000026004685040052004945460040005466300027005867000024006137000042006372595280BDDh-ASL20231015025723.0971009s1997 ir b f001 0 eng  a 96933221  aDLCcDLCdBDDh-ASL0 aengara alcode00aBP130.4b.E55 199600a297.01221bENL03aAn enlightening commentary into the light of the Holy Qurʼan, Volume-1 /cby a group of Muslim scholars ; translated by Saiyed Abbas Sadr-ʻāmelī ; edited by Somaiyah Berrigan.30aLight of the Holy Qurʼan. a5th ed. aEsfahan, Iran :bAmir-al-Moʼmineen Ali Library,c1997. av-1, 366 p. ;c25 cm. aIncludes bibliographical references and index.  aIn English with passages in Arabic.00aQurʼanxCommentaries.1 aBerrigan, Somaiyah.1 aSadr-ameli, Sayyid Abbas eTranslator